Návrh zakladania pilierov železničného mosta cez rieku Váh

Saved in:
Bibliographic Details
Main Author: Rejduga, Michal (Author)
Other Authors: Frankovská, Jana (Thesis advisor)
Format: Manuscript Book
Language:Slovak
English
Published: 2016
Subjects:
Online Access:http://is.stuba.sk/zp/portal_zp.pl?podrobnosti=132276
https://opac.crzp.sk/?fn=detailBiblioForm&sid=41728D440EB1EF629210148922FE
Tags: Add Tag
No Tags, Be the first to tag this record!

MARC

LEADER 00000ntm a22000003a 4500
001 stuzp55930
003 SK-STU
005 20231004114157.9
007 ta
008 150427s2015----xo-----f-mn---000-0-slo-d
040 |a STU  |b slo 
041 0 |a eng 
100 1 |a Rejduga, Michal  |u 010150  |4 aut  |U SvF Stavebná fakulta  |T SvF Katedra geotechniky  |X 7267  |U V150  |Y 15  |7 A000007267 
242 0 1 |a Návrh zakladania pilierov železničného mosta cez rieku Váh  |y slo 
245 1 0 |a Návrh zakladania pilierov železničného mosta cez rieku Váh 
260 |c 2016 
650 4 |a základy  |2 slo 
650 4 |a pilóta  |2 slo 
650 4 |a ohrádzka  |2 slo 
650 4 |a železničný most  |2 slo 
650 4 |a foundations  |2 eng 
650 4 |a pile  |2 eng 
650 4 |a cofferdam  |2 eng 
650 4 |a railway bridge  |2 eng 
700 1 |a Frankovská, Jana  |u 010150  |k Z1  |4 ths  |U SvF Stavebná fakulta  |T SvF Katedra geotechniky  |X 3849  |U V150  |Y 15  |7 A000003849 
856 4 |u http://is.stuba.sk/zp/portal_zp.pl?podrobnosti=132276 
856 4 |u https://opac.crzp.sk/?fn=detailBiblioForm&sid=41728D440EB1EF629210148922FE 
SQL |a stuzp55930  |b DDP  |c ENG  |d Návrh zakladania pilierov železničného mosta cez rieku Váh  |e 7267  |f Rejduga, Michal  |g 010150  |h 3849  |i Frankovská, Jana  |j 20160614  |k 945  |l 01  |m http://is.stuba.sk/zp/portal_zp.pl?podrobnosti=132276  |n I-NKS  |o 5.1.5. inžinierske konštrukcie a dopravné stavby